Técnicas de comunicacion hoy 1 /
Guardado en:
| Autor Principal: | |
|---|---|
| Formato: | Libro |
| Publicado: |
Madrid :
Mcgraw-hill,
1993
|
| Materias: | |
| Etiquetas: |
Agregar Etiqueta
Sin Etiquetas, Sea el primero en etiquetar este registro!
|
| LEADER | 01118nam a22002295a 4500 | ||
|---|---|---|---|
| 001 | CEM.cems009040 | ||
| 005 | 20090914111037.0 | ||
| 008 | 130507s1993##################000#0#####d | ||
| 003 | CEMS | ||
| 020 | |a 8448101154 | ||
| 082 | 0 | 4 | |a 651.7 |
| 100 | 1 | |a Vaamonde Abellon, Luisa María | |
| 245 | 1 | 0 | |a Técnicas de comunicacion hoy 1 / |c Luisa María Vaamonde Abellón |
| 260 | |a Madrid : |b Mcgraw-hill, |c 1993 | ||
| 300 | |a 285 p. | ||
| 505 | 0 | |a La comunicación -- La oficina automatizada -- Ofimática -- Comunicaciones urgentes en la empresa -- Preparación de correspondencia y abreviaturas más utilizadas -- La carta comercial -- Estilos de cartas comerciales -- Diversas cartas comerciales -- La carta circular -- Cartas de solicitud de empleo -- Currículum vitae -- Los informes -- La instancia -- El oficio -- El certificado -- Comunicaciones internas en la empresa -- Comunicaciones externas de la empresa | |
| 653 | |a Comunicación | ||
| 653 | |a Curriculum vitae | ||
| 653 | |a Informes | ||
| 653 | |a Ofimática | ||
| 653 | |a Redacción comercial | ||
| 859 | |a CEMS |b BIB. CEMS - 11 de abril |h 651.7 |i V118 |p 18660.95 |t Ej.1 |v 1 |3 1 | ||
